| 000 | 01107cam a2200301 a 4500 | ||
|---|---|---|---|
| 001 | 15351447 | ||
| 005 | 20170105102339.0 | ||
| 008 | 080701s2009 nyua b 001 0 eng | ||
| 010 | _a 2008029440 | ||
| 020 | _a9780195331455 (hardcover : alk. paper) | ||
| 020 | _a0195331451 (hardcover : alk. paper) | ||
| 040 |
_aDLC _cDLC _dDLC |
||
| 082 | 0 | 0 |
_a621.382 _222 |
| 100 | 1 |
_aLathi, B. P. _q(Bhagwandas Pannalal) |
|
| 245 | 1 | 0 |
_aModern digital and analog communication systems _cB.P. Lathi, Zhi Ding. |
| 250 | _a4th ed. | ||
| 260 |
_aNew York : _bOxford University Press, _c2009. |
||
| 300 |
_axix, 1004 p. : _bill. ; _c27 cm. |
||
| 490 | 1 | _aOxford series in electrical and computer engineering | |
| 504 | _aIncludes bibliographical references and index. | ||
| 650 | 0 | _aTelecommunication systems. | |
| 650 | 0 | _aDigital communications. | |
| 650 | 0 | _aStatistical communication theory. | |
| 700 | 1 |
_aDing, Zhi, _d1962- |
|
| 830 | 0 | _aOxford series in electrical and computer engineering. | |
| 856 | 4 | 1 |
_3Table of contents only _uhttp://www.loc.gov/catdir/toc/fy0903/2008029440.html |
| 942 |
_2ddc _cBK |
||
| 999 |
_c11481 _d11481 |
||